Reflexiones sobre cuestiones éticas, dirigidas a los profesionales del área de los recursos humanos (Registro nro. 30230)

Detalles MARC
000 -LEADER
fixed length control field 00372 a2200109 4500
001 - CONTROL NUMBER
control field ART_27797
005 - DATE AND TIME OF LATEST TRANSACTION
control field 20260410161949.0
008 - FIXED-LENGTH DATA ELEMENTS--GENERAL INFORMATION
fixed length control field 260409a
100 1# - MAIN ENTRY--PERSONAL NAME
Personal name Bruno, Jorge N.
245 10 - TITLE STATEMENT
Title Reflexiones sobre cuestiones éticas, dirigidas a los profesionales del área de los recursos humanos
773 0# - HOST ITEM ENTRY
Title Invenio
Related parts - Año 1, Nº 2 (nov. 1998)
Record control number REV27781

No hay ítems disponibles.